Mystery Movie Monologue #9 - Statistics

General Stats
  • This quiz has been taken 436 times
  • The average score is 139 of 273
Answer Stats
Answer % Correct
a
97%
a....
97%
A
97%
I
97%
I'm
97%
I've
97%
H
92%
the
92%
you
90%
you.
90%
you?
90%
you...
90%
you'd
90%
you'll
90%
you're
90%
L
87%
an
81%
do
80%
do.
80%
he
76%
no
76%
to
76%
and
75%
be
73%
what
73%
me...
72%
me
72%
is
71%
it.
71%
it,
71%
it
71%
It
71%
it's
71%
in
66%
can
65%
can't
65%
on
65%
that
63%
for
62%
hear
61%
think
60%
know
59%
of
59%
won't
58%
am
57%
If
57%
There
55%
will
55%
Will
55%
my
53%
My
53%
see
53%
your
53%
doing,
52%
this.
51%
love
49%
want
49%
all
48%
but
47%
But
47%
like
45%
at
41%
was
41%
going
40%
going.
40%
now...
40%
now.
40%
Good
39%
Just
39%
with
39%
been
37%
about
35%
feel
34%
some
34%
HAL
33%
hasn't
33%
give
32%
got
30%
I'm
30%
over.
29%
two...
27%
Look,
26%
look
26%
really
26%
right
26%
take
25%
down
24%
everything
24%
made
24%
stop.
24%
Stop,
24%
stop,
24%
help
23%
much
23%
back
22%
things
22%
very
22%
better
21%
sing
21%
still
21%
answer
20%
answer,
20%
Mr.
20%
song.
20%
work
20%
9000
19%
Dave?
19%
Dave,
19%
Dave...
19%
Dave.
19%
Dave.......
19%
mind
19%
question.
19%
question
19%
quite
19%
computer.
18%
crazy
18%
seat
18%
sit
18%
upset
18%
afraid.
17%
afraid,
17%
afternoon,
17%
again.
17%
assure
17%
bicycle
17%
built
17%
called
17%
complete
17%
Daisy.
17%
Daisy,
17%
entitled
17%
fraid....
17%
half
17%
marriage;
17%
ought
17%
12th
16%
1992.
16%
afford
16%
assurance
16%
became
16%
calmly,
16%
carriage.
16%
confidence
16%
confidently...
16%
decisions
16%
enthusiasm
16%
gentlemen.
16%
greatest
16%
honestly
16%
Illinois,
16%
instructor
16%
January
16%
labs
16%
Langley,
16%
mission
16%
normal.
16%
operational
16%
pill,
16%
poor
16%
recently,
16%
stress
16%
stylish
16%
sweet
16%
taught
16%
upon
16%
Urbana,
16%
No matching quizzes found
Score Distribution
Percent of People with Each Score
Percentile by Number Answered
Your Score History
You have not taken this quiz